Nihon chūsei no sonraku /

Saved in:
நூற்பட்டியல் விவரங்கள்
தலைமை எழுத்தாளர்: Shimizu, Mitsuo, 1909-
வடிவம்: புத்தகம்
மொழி:Japanese
வெளியீடப்பட்டது: Tōkyō : Nihon Hyōronsha Shōwa 23 [1948]
பதிப்பு:Saihan.
பகுதிகள்:
குறியீடுகள்: குறிச்சொல் இணை
குறியீடுகள் இல்லை, இந்த குறிச்சொல்லை முதலில் பதிவு செய்யுங்கள்!
LEADER 00941nam a2200277 a 4500
001 007740014-3
005 20024617120653.0
008 910606s1948 ja b 001 0 jpn
010 |a j 67003977 
035 0 |a ocm23891320 
040 |a DLC  |c CLU  |d MdU  |d *YNH*  |d CStRLIN 
050 0 |a HN723  |b .S47 1948 
100 1 |6 880-01  |a Shimizu, Mitsuo,  |d 1909- 
245 1 0 |6 880-02  |a Nihon chūsei no sonraku /  |c Shimizu Mitsuo cho. 
250 |6 880-03  |a Saihan. 
260 |6 880-04  |a Tōkyō :  |b Nihon Hyōronsha  |c Shōwa 23 [1948] 
300 |a 4, 3, 4, 406, 41 p. ;  |c 22 cm. 
504 |a Includes bibliographical references and index. 
650 0 |a Villages  |z Japan  |x History. 
650 0 |a Manors  |z Japan  |x History. 
880 1 |6 100-01  |a 淸水三男,  |d 1909-1947. 
880 1 0 |6 245-02  |a 日本中世の村落 /  |c 淸水三男著. 
880 |6 250-03  |a 再版. 
880 |6 260-04  |a 東京 :  |b 日本評論社,  |c 昭和 23 [1948] 
988 |a 20021214 
906 |0 DLC